000 01035nam a2200241Ia 4500
001 3399
003 GE_BSU
008 181216s||||||||xx |||||||||||||| ||und||
020 _aთარგმანი მეხეთე შევსსებ და გადამ რუს
040 _cGE_BSU
080 _a621.165(075.8)
100 _aჩეგლიაევი, ა;
245 _aორთქლის ტურბინები; თბური პროცესის თეორია და კონსტრუქციები სახელმძღვანელო
245 _bნაწ.ll
245 _cრედ ვ. გოგსაძე;
260 _aთბილისი
260 _bგანათლება, .
260 _c1986
300 _a250 გვ. ნახაზებით
653 _aთბური პროცესის თეორია და კონსტრუქციები
653 _aორთქლის ტურბინები;
942 _cBK
999 _c37440
_d37440